Normal view
MARC view
- RAJA AMER AZIM
Entry Personal Name
001 - CONTROL NUMBER
- control field: 70284
003 - CONTROL NUMBER IDENTIFIER
- control field: NUST
005 - DATE AND TIME OF LATEST TRANSACTION
- control field: 20210628204422.0
008 - FIXED-LENGTH DATA ELEMENTS
- fixed length control field: 210628|| aca||aabn | a|a d
040 ## - CATALOGING SOURCE
- Original cataloging agency: NUST
- Transcribing agency: NUST
100 ## - HEADING--PERSONAL NAME
- Personal name: RAJA AMER AZIM
670 ## - SOURCE DATA FOUND
- Source citation: Work cat.: (NUST): RAJA AMER AZIM , TH-SOF-1144-ROLLOVER MITIGATION CONTROLLER, 2015
